| 000 | 00548nam a22001937a 4500 | ||
|---|---|---|---|
| 003 | KOHA_MİRAKIL | ||
| 005 | 20251024150804.0 | ||
| 008 | 251024b tu ||||| |||| 00| 0 tur d | ||
| 020 | _a9789758142514 | ||
| 040 |
_aTR-AnABB _btur _cTR-AnABB |
||
| 041 | _atur | ||
| 082 |
_a823.914 _bALM 2010 |
||
| 100 | 1 | _aAlmond, David, | |
| 245 | 1 | 0 |
_aDünya büyülü bir yer / _cDavid Almond |
| 260 |
_aİstanbul : _bGünışığı Kitaplığı, _c2010 |
||
| 300 |
_a255 sayfa ; _c20 cm |
||
| 650 | 0 | 4 | _aİngiliz edebiyatı, roman |
| 942 |
_2ddc _cBK |
||
| 999 |
_c9207 _d9207 |
||
| 900 | _bGizem YORULMAZ | ||